Perspectives in business ethics / (Record no. 7192)

MARC details
000 -LEADER
fixed length control field 00723cam a22002292 4500
001 - CONTROL NUMBER
control field 0000006099
005 - DATE AND TIME OF LATEST TRANSACTION
control field 20151217152012.0
008 - FIXED-LENGTH DATA ELEMENTS--GENERAL INFORMATION
fixed length control field 070913s xx 000 0 eng d
020 ## - INTERNATIONAL STANDARD BOOK NUMBER
International Standard Book Number 0070620040 :
Terms of availability KES 2,450
040 ## - CATALOGING SOURCE
Original cataloging agency KABU
Transcribing agency KABU
100 1# - MAIN ENTRY--PERSONAL NAME
Personal name Hartman, Laura P.
-- 0000157484
245 10 - TITLE STATEMENT
Title Perspectives in business ethics /
Statement of responsibility, etc. Laura P. Hartman, Abha Chatterjee.
250 ## - EDITION STATEMENT
Edition statement 3rd ed.
260 ## - PUBLICATION, DISTRIBUTION, ETC. (IMPRINT)
Place of publication, distribution, etc. New Delhi :
Name of publisher, distributor, etc. Tata McGraw-Hill,
Date of publication, distribution, etc. 2005.
300 ## - PHYSICAL DESCRIPTION
Extent xii, 483 p.
650 #0 - SUBJECT ADDED ENTRY--TOPICAL TERM
Topical term or geographic name as entry element Business ethics.
-- 0000149180
700 1# - ADDED ENTRY--PERSONAL NAME
Personal name Chatterjee, Abha.
-- 0000157485
908 ## - PUT COMMAND PARAMETER (RLIN)
Put command parameter 070913
950 ## - LOCAL HOLDINGS (RLIN)
-- 1
Holdings
Withdrawn status Lost status Source of classification or shelving scheme Not for loan Home library Current library Date acquired Total Checkouts Full call number Barcode Date last seen Date last checked out Price effective from Koha item type
    Library of Congress Classification   Kabarak, Main Campus Kabarak, Main Campus 17/12/2015 1 HF5387 .H37 2005 c.1 004945 13/10/2016 15/07/2016 17/12/2015 General Collection
    Library of Congress Classification   Kabarak, Main Campus Kabarak, Main Campus 17/12/2015 1 HF5387 .H37 2005 c.2 002170 13/10/2016 15/07/2016 17/12/2015 General Collection
Designed with assistance from East African Informatics Ltd